| 000 | 00502nam a2200181Ia 4500 | ||
|---|---|---|---|
| 008 | 240925s9999 xx 000 0 und d | ||
| 020 | _a9780230462182 | ||
| 082 | _a428.24 MCC | ||
| 100 | _aWhitby, Norman; McCarter, Sam | ||
| 245 | 0 | _aWriting For IELTS: with answer Key | |
| 250 | _a1st | ||
| 260 |
_aCalifornia: _bMacmillan _c,2014. |
||
| 300 |
_a238p. _bNA _fOriginal |
||
| 500 | _aIncludes Index | ||
| 600 | _aHumanities & Natural Science | ||
| 650 | _aEnglish and Old English | ||
| 942 | _cBK | ||
| 999 |
_c14933 _d14933 |
||